|
|
|
|
| LEADER |
01220nam a2200337 a 4500 |
| 001 |
000612129 |
| 003 |
CZ BrMZK |
| 005 |
20091110102822.0 |
| 007 |
ta |
| 008 |
020724s2002 xr g f cze d |
| 015 |
|
|
|a cnb001181574
|
| 020 |
|
|
|a 80-7303-037-3
|
| 035 |
|
|
|a (OCoLC)51190183
|
| 040 |
|
|
|a BOA001
|b cze
|
| 041 |
1 |
|
|a cze
|h eng
|
| 072 |
|
7 |
|a 821.111-3
|x Anglická próza, anglicky psaná
|2 Konspekt
|9 25
|
| 080 |
|
|
|a 821.111-31
|2 MRF
|
| 080 |
|
|
|a (0:82-31)
|2 MRF
|
| 100 |
1 |
|
|a Ryan, Denise
|7 xx0002935
|4 aut
|
| 245 |
1 |
0 |
|a Ďáblovo království /
|c Denise Ryan ; [z anglického originálu přeložila Milada Suderová]
|
| 250 |
|
|
|a Vyd. 1.
|
| 260 |
|
|
|a Ostrava :
|b Domino,
|c 2002
|
| 300 |
|
|
|a 350 s. ;
|c 21 cm
|
| 500 |
|
|
|a Dostupné též v digitální podobě v aplikaci Kramerius
|
| 655 |
|
7 |
|a anglicky psané romány
|7 fd131805
|2 czenas
|
| 700 |
1 |
|
|a Suderová, Milada
|7 jn20010309284
|4 trl
|
| 765 |
0 |
|
|t Betrayed
|9 Česky
|
| 856 |
4 |
1 |
|u http://www.digitalniknihovna.cz/mzk/uuid/uuid:614df1b0-c4ef-11ee-a038-005056827e52
|y Digitalizovaný dokument
|x NDK
|
| 910 |
|
|
|a BOA001
|b 2-1104.949
|
| 990 |
|
|
|a BK
|
| 996 |
6 |
|
|b 2610166510
|c 2-1104.949
|l MZK
|r Sklad / do 1 hodiny
|n 6
|p p.v.
|w 000612129
|u 000010
|a 1
|e BOA001
|j MZK50
|s P
|